000 00730cam a2200253 a 4500
001 1090926
003 OSt
005 20160229095008.0
008 920817s1993 maua 001 0 eng
010 _a 92072845
020 _a0669283045
040 _aSEKU
050 0 0 _aQA 154.2
_b.L3 1993
100 1 _aLarson, Ron,
_d1941-
245 1 0 _aCollege algebra /
_cRoland E. Larson, Robert P. Hostetler ; with the assistance of David E. Heyd.
250 _a3rd ed.
260 _aLexington, Mass. :
_bD.C. Heath,
_cc1993.
300 _axxxii, 620, 81 p. :
_bill. (some col.) ;
_c24 cm.
500 _aIncludes indexes.
650 0 _aAlgebra.
700 1 _aHostetler, Robert P.
700 1 _aHeyd, David E.
942 _2lcc
_cGEN
999 _c11575
_d11575